000 00502nam a22001457a 4500
008 140128b xxu||||| |||| 00| 0 eng d
020 _a2-02-004363-7
050 _aBD241.G313 1988
100 _aGadamer, Hans-Georg
_97155
245 _aVerite et methode
_bles grandes lignes d'une hermeneutique philosophique
_cHans-Georg Gadamer
260 _aParis
_bEditions Du Seuil
_c1976
300 _a346p. ;
_c21cm.
650 _aHumanities-Methodology
_xHermeneutics
_xAesthetics
_97156
942 _2lcc
_cMONOGRAPH
999 _c119729
_d119729